|
|
|
|
| LEADER |
01104nam a22003012a 4500 |
| 001 |
000149979 |
| 003 |
CZ BrMZK |
| 005 |
20260313100115.0 |
| 007 |
ta |
| 008 |
950101s1949 xr af f cze d |
| 015 |
|
|
|a cnb000714775
|
| 035 |
|
|
|a (OCoLC)85434619
|
| 040 |
|
|
|a ABA001
|b cze
|c CBA001
|d BOA001
|
| 100 |
1 |
|
|a Menclová, Dobroslava,
|d 1904-1978
|7 jk01081208
|4 aut
|
| 245 |
1 |
0 |
|a Hrady Kumburk a Bradlec /
|c Dobroslava Menclová
|
| 250 |
|
|
|a 1. vyd.
|
| 260 |
|
|
|a V Praze :
|b Klub českých turistů,
|c 1949
|
| 300 |
|
|
|a 42, [4] s. :
|b [8] s. obr. příl. ;
|c 8°
|
| 490 |
1 |
|
|a Vlastivědná knižnice Klubu českých turistů. Řada 1 ;
|v sv. 7
|
| 500 |
|
|
|a 2200 výt.
|
| 504 |
|
|
|a Obsahuje bibliografii
|
| 830 |
|
0 |
|a Vlastivědná knižnice Klubu českých turistů.
|n Řada 1
|
| 910 |
|
|
|a BOA001
|b 1-0770.263
|b PK-A-0003.885
|
| 920 |
|
|
|a 000758229
|
| 990 |
|
|
|a BK
|
| 991 |
|
|
|b 200808
|
| 996 |
6 |
|
|b 2619954138
|c 1-0770.263
|l MZK
|r Sklad / do 1 hodiny
|n 2
|w 000149979
|u 000010
|a 1
|e BOA001
|j MZK50
|s P
|
| 996 |
6 |
|
|b PK-A-0003.885
|c PK-A-0003.885
|l MZK
|r Sklad / do 1 hodiny
|n 0
|w 000149979
|u 000020
|a 1
|e BOA001
|j MZK50
|s P
|